| 000 | 00877cab a2200265 4500 | ||
|---|---|---|---|
| 001 | ABS59905 | ||
| 008 | 090401t1999 xxu||||| |||| 00| 0 eng d | ||
| 035 | _a(Sirsi) u90753 | ||
| 041 | _aeng | ||
| 100 | _aMelhuish, C. | ||
| 245 | _aBuilding study: Tower Hamlets Council`s transport complex, east London | ||
| 260 | _c1999 | ||
| 350 | _a0 | ||
| 490 |
_aRIBA Journal _v106(1) January 1999, 48-53(5) |
||
| 520 | _aAn analysis of a transport complex designed by Tower Hamlets Council`s Capital Works Group in London`s Docklands, including plans, sections, and a cost specification. | ||
| 650 | _aBUILT ENVIRONMENT-BUILDING COSTS | ||
| 650 | _aBUILDING PROJECTS | ||
| 650 | _aDEPOTS | ||
| 650 | _aINDUSTRIAL BUILDINGS | ||
| 650 | _aTOWER HAMLETS LBC | ||
| 650 | _aWORKSHOPS | ||
| 690 | _aBUILDING AND CONSTRUCTION-PROJECTS | ||
| 942 | _n0 | ||
| 948 | _c19/01/1999 | ||
| 999 |
_c57550 _d57550 |
||